| 000 | 00413pab a2200169 454500 | ||
|---|---|---|---|
| 008 | 180718b2010 xxu||||| |||| 00| 0 eng d | ||
| 100 | _aMurugan, C. Siva | ||
| 245 | _aRural development and migrant fishermen in Tamilnadu | ||
| 260 | _c2010 | ||
| 300 | _ap.30-32. | ||
| 362 | _aDec | ||
| 650 | _aRural development | ||
| 700 | _aLakshmi, T. Amirtha | ||
| 773 | _aKurukshetra | ||
| 908 | _aN | ||
| 909 | _a89832 | ||
| 999 |
_c89832 _d89832 |
||